000 01122cam a2200301 4500
001 J84835
008 090401t1997 xxu||||| |||| 00| 0 eng d
020 _a190085810X
035 _a(Sirsi) u79247
041 _aeng
050 _a658.1552
100 _aJaggar, David
245 _aCivil engineering cost analysis (CECA).
260 _aKingston upon Thames
_bBCIS
_c1997
300 _a107p. ; 30cm.
350 _a50
520 _aA research study undertaken by the School of the Built Environment, Liverpool John Moores University on behalf of the Royal Institution of Chartered Surveyors` Building Cost Information Service exploring the practicability of collecting cost information from civil engineering projects. Includes proforma and worked example.
650 _aCECA
650 _aCIVIL ENGINEERING COST ANALYSIS
650 _aCIVIL ENGINEERING
650 _aCOST ANALYSIS
650 _aCOST CONTROL
690 _aBUILT ENVIRONMENT-BUILDING COSTS
710 _aLiverpool John Moores University
_92356
710 _aBuilding Cost Information Service
_91096
942 _n0
948 _c26/06/1997
999 _c96514
_d96514